[Event "5th SPICE Cup GpA"]
[Site "Lubbock USA"]
[Date "2011.10.23"]
[Round "8"]
[White "Feller,S"]
[Black "Le Quang Liem"]
[Result "1/2-1/2"]
[WhiteElo "2668"]
[BlackElo "2717"]

1.d4 d5 2.c4 c6 3.Nc3 Nf6 4.Nf3 e6 5.e3 Nbd7 6.Qc2 Bd6 7.g4 h6 8.Bd2 dxc4
9.Bxc4 b5 10.Be2 Bb7 11.e4 c5 12.Nxb5 Be7 13.Nc3 O-O 14.O-O-O Rc8 15.d5 exd5
16.exd5 Nxd5 17.Nxd5 Bxd5 18.Rhg1 Bxf3 19.Bxf3 Bg5 20.Qf5 Nb6 21.Bxg5 Qxg5+
22.Qxg5 hxg5 23.Rge1 Rfe8 24.Kc2 g6 25.h3 Kg7 26.b3 Rxe1 27.Rxe1 Kf6 28.Rd1 Rh8
29.Bg2 Re8 30.Rd6+ Re6 31.Rc6 Rxc6 32.Bxc6 Ke6 33.Kd3 Kd6 34.Be8 Ke7 35.Bc6 f5
36.gxf5 gxf5 37.Bg2 Ke6 38.Kc3 a5 39.Kd3 Ke5 40.Kc3 Kd6 41.Kd3 Ke5 42.Kc3 Kf4
43.Kd3 Ke5  1/2-1/2

[Event "ch-CRC 2011"]
[Site "San Jose CRC"]
[Date "2011.10.23"]
[Round "6"]
[White "Arias Santana,M"]
[Black "Murillo,Alex"]
[Result "1/2-1/2"]
[WhiteElo "2327"]
[BlackElo "2301"]

1.d4 d5 2.c4 e6 3.Nc3 Nf6 4.Nf3 c6 5.e3 Nbd7 6.Qc2 Bd6 7.Bd3 dxc4 8.Bxc4 O-O
9.O-O b5 10.Bd3 Bb7  1/2-1/2

[Event "TCh-SVK Extraliga 2011-12"]
[Site "Slovakia SVK"]
[Date "2011.10.23"]
[Round "2"]
[White "Meszaros,Mi"]
[Black "Lipka,J"]
[Result "1/2-1/2"]
[WhiteElo "2377"]
[BlackElo "2443"]

1.d4 e6 2.c4 Nf6 3.Nf3 d5 4.Nc3 c6 5.e3 a6 6.Bd3 dxc4 7.Bxc4 c5 8.O-O b5
9.Be2 Nbd7 10.a4 b4 11.Nb1 Bb7 12.Nbd2 Be7 13.b3 O-O 14.Bb2 Nd5 15.Rc1 Rc8
16.Nc4  1/2-1/2

[Event "33rd Arco Open"]
[Site "Arco ITA"]
[Date "2011.10.24"]
[Round "3"]
[White "Astengo,C"]
[Black "Valsecchi,A"]
[Result "1/2-1/2"]
[WhiteElo "2086"]
[BlackElo "2338"]

1.Nf3 d5 2.d4 Nf6 3.c4 e6 4.Nc3 c6 5.e3 Nbd7 6.Qc2 Bd6 7.b3 a6 8.a4 O-O 9.Be2 e5
10.cxd5 cxd5 11.dxe5 Nxe5 12.O-O Qc7 13.Nd4 Nc6 14.h3 Nxd4 15.exd4 Ne4 16.Bb2 Bf5
17.Bd3 Rac8 18.Nxe4 Bh2+ 19.Kh1 Qxc2 20.Bxc2 Rxc2 21.Ba3 Rfc8 22.Kxh2 Bxe4
23.Rac1 Rxc1 24.Rxc1 Rxc1 25.Bxc1 a5 26.Bd2 Bc2 27.Bxa5 Bxb3 28.Kg3 Bxa4
29.Kf4 f6 30.h4 Kf7 31.Bb4 Bd1 32.Ke3 Ke6 33.Kd2 Ba4 34.Kc3 h5 35.Bf8 g5
36.Kb4 Bd1 37.g3 Kf5 38.Be7 Be2 39.Kc5 Ke6 40.Bd8 gxh4 41.gxh4 b5 42.Ba5 Bc4
43.Bd8 Kf5 44.Be7 Ke4 45.Bxf6 Kd3 46.Kb4 Ke2 47.f4 Kf3 48.Bg5 Ke4 49.f5 Kxf5
50.Bd8 Ke4 51.Bf6  1/2-1/2

[Event "33rd Arco Open"]
[Site "Arco ITA"]
[Date "2011.10.24"]
[Round "3"]
[White "Sparber,Werner"]
[Black "Mombelli,A"]
[Result "0-1"]
[WhiteElo "1788"]
[BlackElo "1836"]

1.d4 d5 2.c4 e6 3.Nc3 c6 4.e3 Nf6 5.Nf3 Nbd7 6.Bd3 dxc4 7.Bxc4 b5 8.Bd3 Bd6
9.O-O O-O 10.a3 a6 11.e4 e5 12.Bg5 h6 13.Bh4 Bb7 14.Re1 Re8 15.Rc1 Rc8 16.Bb1 c5
17.d5 Nb6 18.Nd2 Be7 19.Qf3 Nfxd5 20.Nxd5 Nxd5 21.exd5 Bxh4 22.Be4 Bg5 23.Rcd1 Bxd2
24.Rxd2 Qd6 25.Qf5 g6 26.Qg4 Rcd8 27.Re3 Kg7 28.h4 Bc8 29.Qg3 f5 30.Bxf5 Bxf5
31.h5 e4 32.Qh4 g5 33.Qh1 Re5  0-1

[Event "33rd Arco Open"]
[Site "Arco ITA"]
[Date "2011.10.24"]
[Round "3"]
[White "Vezzosi,P"]
[Black "Prelati,M"]
[Result "1/2-1/2"]
[WhiteElo "2351"]
[BlackElo "2012"]

1.d4 d5 2.Nf3 Nf6 3.c4 c6 4.Nc3 e6 5.e3 Nbd7 6.b3 Bd6 7.Bd3 O-O 8.O-O Re8
9.Bb2 e5 10.dxe5 Nxe5 11.Nxe5 Bxe5 12.h3 Be6 13.cxd5 Nxd5 14.Qc2 Bxc3 15.Bxc3 Nxc3
16.Qxc3 Qg5 17.f4 Qh4 18.Kh2 Bd5 19.Rae1 Be4 20.Bc4 Qe7 21.Rd1 Rad8 22.Be2 Rxd1
23.Rxd1 h6 24.Bd3 Rd8 25.Bc2 Rxd1 26.Bxd1 Qd6 27.Bc2 Qg6 28.Bxe4 Qxe4 29.Kg3 h5
30.Qd2 Kh7 31.Kh4 Qe7+ 32.Kg3 h4+ 33.Kf3 f5 34.Qd4 Qf7 35.Qxa7  1/2-1/2

[Event "World Youth U16 Ol"]
[Site "Kocaeli TUR"]
[Date "2011.10.24"]
[Round "1.10"]
[White "Girish,A"]
[Black "Sumer,G"]
[Result "1-0"]
[WhiteElo "2379"]
[BlackElo "1876"]

1.d4 d5 2.Nf3 c6 3.c4 e6 4.e3 Nf6 5.Nc3 Bd6 6.Bd3 Nbd7 7.O-O O-O 8.e4 dxe4
9.Nxe4 Nxe4 10.Bxe4 f5 11.Bc2 e5 12.Bg5 Be7 13.Bxe7 Qxe7 14.Nxe5 Nxe5 15.Re1 Qb4
16.Rxe5 Qxb2 17.Bb3 Bd7 18.Rb1 Qc3 19.c5+ Kh8 20.Re3 Qa5 21.Qh5 Rae8 22.Qg5 f4
23.Rxe8 Rxe8 24.h4 Qc7 25.h5 Rf8 26.Re1 h6 27.Qg6 Bf5 28.Qxf5  1-0

[Event "12th Liberec Open"]
[Site "Liberec CZE"]
[Date "2011.10.25"]
[Round "4"]
[White "Andersen,L2 DEN"]
[Black "Dambrauskas,V"]
[Result "1/2-1/2"]
[WhiteElo "2095"]
[BlackElo "2316"]

1.d4 d5 2.c4 e6 3.Nc3 Nf6 4.Nf3 c6 5.e3 Nbd7 6.Bd3 dxc4 7.Bxc4 b5 8.Bb3 b4
9.Ne2 Be7 10.O-O O-O 11.Re1 c5 12.Nf4 Nb6 13.e4 cxd4 14.e5 Nfd5 15.Nxd4 Bc5
16.Nxd5 Nxd5 17.Bxd5 Qxd5 18.Nb3 Qxd1 19.Rxd1 Bb6 20.Bg5 Re8 21.Rac1 h6 22.Bd2 a5
23.Rc6 Rb8 24.Bc1 Rd8 25.Rxd8+ Bxd8 26.Nc5 Kf8 27.Be3 Ke8 28.Kf1 Bb7 29.Nxb7 Rxb7
30.Ke2 Bc7 31.Bd4 Kd7 32.Ra6 Rb5 33.f4 g5 34.g3 gxf4  1/2-1/2

[Event "Corsica Masters 2011"]
[Site "Bastia FRA"]
[Date "2011.10.26"]
[Round "7.2"]
[White "Cheparinov,I"]
[Black "Coleman,T"]
[Result "1-0"]
[WhiteElo "2650"]
[BlackElo "2312"]

1.d4 d5 2.c4 c6 3.Nf3 Nf6 4.Nc3 e6 5.e3 Nbd7 6.Qc2 Bd6 7.Bd3 O-O 8.O-O dxc4
9.Bxc4 a6 10.Rd1 b5 11.Bd3 Qc7 12.Bd2 Bb7 13.b4 a5 14.a3 axb4 15.axb4 h6
16.Rac1 Qb6 17.Qb3 Ra6 18.e4 e5 19.Ne2 Rfa8 20.Bc3 Ra3 21.Qb1 exd4 22.Nexd4 Ne5
23.Nf5 Nxf3+ 24.gxf3 Bf4 25.Be2 Nh5 26.Bd4 Qc7 27.Rc5 Ra2 28.Bxb5 Bxh2+ 29.Kg2 g6
30.Bc4 gxf5 31.Bxa2 Kh7 32.Rxf5 Rg8+ 33.Kh1  1-0

[Event "US Chess League 2011"]
[Site "ICC INT"]
[Date "2011.10.26"]
[Round "9"]
[White "Kelley,D"]
[Black "Hua,Margaret"]
[Result "1-0"]
[WhiteElo "2231"]
[BlackElo "1966"]

1.d4 d5 2.c4 e6 3.Nc3 c6 4.e3 Nf6 5.Nf3 Be7 6.Bd3 Nbd7 7.b3 b6 8.O-O O-O
9.Bb2 Bb7 10.Qc2 Rc8 11.Rad1 Qc7 12.Ne5 g6 13.f4 Nxe5 14.fxe5 Ne8 15.e4 Qb8
16.exd5 cxd5 17.Qe2 Ng7 18.cxd5 Bxd5 19.Nxd5 exd5 20.Ba6 Rc7 21.Bc1 Qd8 22.Qf3 Qd7
23.a4 Qc6 24.Bh6 Qe6 25.Rc1 Rxc1 26.Rxc1 Ra8 27.Bxg7 Kxg7 28.Qc3 Bg5 29.Rf1 Qd7
30.Rf2 Qg4 31.h3 Qe4 32.Re2 Qb1+ 33.Re1 Qf5 34.Rf1 Qe4 35.Rf3 Qb1+ 36.Kh2 Qc1
37.Qxc1 Bxc1 38.Kg3 Bb2 39.Kf4 Re8 40.Ke3 Re7 41.Rf2 Ba3 42.Rc2 f6 43.Kf4 fxe5+
44.dxe5 Bc5 45.Rd2 Rf7+ 46.Kg3 Rd7 47.Bc4 d4 48.Kf3 Re7 49.Re2 a5 50.Ke4 h6
51.h4 h5 52.Re1 Kh6 53.Kd5 Kg7 54.Bd3  1-0

[Event "26th Le Touquet Open"]
[Site "Le Touquet FRA"]
[Date "2011.10.26"]
[Round "6.16"]
[White "Gosset,A"]
[Black "Clement,A"]
[Result "1-0"]
[WhiteElo "2220"]
[BlackElo "1996"]

1.d4 d5 2.Nf3 Nf6 3.c4 c6 4.Nc3 e6 5.e3 Nbd7 6.Qc2 Bd6 7.Bd3 dxc4 8.Bxc4 e5
9.O-O O-O 10.Rd1 Qe7 11.h3 h6 12.e4 Re8 13.Be3 exd4 14.Nxd4 Ne5 15.Be2 Ng6
16.Re1 Bc7 17.Rad1 Qe5 18.Nf3 Qe7 19.Bf1 Nh5 20.g3 Nf6 21.Bd4 Be6 22.Bg2 Red8
23.a3 Bb6 24.Bxb6 axb6 25.Nd4 b5 26.e5 Ne8 27.Kh2 Nf8 28.Ne4 b4 29.f4 bxa3
30.bxa3 Qxa3 31.f5 Bd5 32.f6 g6 33.Qd2 Kh7 34.Qf4 Ne6 35.Nxe6 Bxe6 36.Qh4 Qf8
37.Rxd8 Rxd8 38.Ng5+ Kh8 39.Nxe6 fxe6 40.f7 g5 41.fxe8=Q gxh4 42.Qxf8+ Rxf8
43.gxh4 Rf5 44.Kg3 Kg7 45.Bf3 h5 46.Re4 c5 47.Be2 Rf7 48.Bxh5 Rc7 49.Be2 b6
50.Bc4  1-0

[Event "12th Liberec Open"]
[Site "Liberec CZE"]
[Date "2011.10.26"]
[Round "5"]
[White "Moehn,H"]
[Black "Bartos,J"]
[Result "1/2-1/2"]
[WhiteElo "2064"]
[BlackElo "2239"]

1.d4 d5 2.c4 c6 3.Nc3 Nf6 4.e3 e6 5.Nf3 Nbd7 6.Qc2 b6 7.Bd3 Bb7 8.O-O Be7
9.b3 O-O 10.Bb2 h6 11.Rfd1 Qc7 12.Rac1 Rac8 13.Qe2 Rfd8 14.e4 dxe4 15.Nxe4 Nxe4
16.Bxe4 Nf6 17.Ne1 c5 18.dxc5 bxc5 19.Be5 Rxd1 20.Rxd1 Rd8 21.h3  1/2-1/2

[Event "Chinese League"]
[Site "Qingdao CHN"]
[Date "2011.10.26"]
[Round "13"]
[White "Lou Yiping"]
[Black "Wang,Dongsen"]
[Result "1-0"]
[WhiteElo "2446"]
[BlackElo "2091"]

1.d4 d5 2.c4 c6 3.Nc3 Nf6 4.e3 e6 5.Nf3 Nbd7 6.Bd3 Bd6 7.e4 dxe4 8.Nxe4 Nxe4
9.Bxe4 Nf6 10.Bc2 O-O 11.Qd3 Re8 12.O-O c5 13.Rd1 cxd4 14.Qxd4 Bc7 15.Qh4 Qe7
16.g4 h6 17.Bxh6 gxh6 18.Qxh6 Bd8 19.Ng5 Qc7 20.Rxd8 Rxd8 21.Bh7+ Nxh7 22.Nxh7 f5
23.Nf6+ Kf7 24.Qh7+ Kxf6 25.Qxc7 Rg8 26.Rd1 Rxg4+ 27.Kf1 Rg7 28.Qd8+ Kf7
29.h4 e5 30.Rd6  1-0

[Event "29th Muensterland Open"]
[Site "Senden GER"]
[Date "2011.10.26"]
[Round "7.8"]
[White "Haselhorst,H"]
[Black "Boehm,Ju2"]
[Result "1/2-1/2"]
[WhiteElo "2139"]
[BlackElo "2218"]

1.d4 d5 2.Nf3 Nf6 3.c4 c6 4.Nc3 e6 5.e3 Nbd7 6.Bd3 dxc4 7.Bxc4 b5 8.Bd3 a6
9.e4 c5 10.d5 c4 11.Bc2 e5 12.O-O Bd6 13.Nh4 Nc5 14.Qe2 b4 15.Na4 Nfxe4 16.Nf3 Ra7
17.Be3 Rc7 18.Nxe5 O-O 19.Nxc4 Nxa4 20.Nxd6 Qxd6 21.Bxe4 Re8 22.Bf3 Bd7 23.Qd2 Rcc8
24.Rac1 a5 25.Rxc8 Rxc8 26.Rc1 Rxc1+ 27.Qxc1 Qe5 28.b3 Nc3 29.Qd2 Qf5  1/2-1/2

[Event "12th Liberec Open"]
[Site "Liberec CZE"]
[Date "2011.10.27"]
[Round "6"]
[White "Bartos,J"]
[Black "Rous,D"]
[Result "1-0"]
[WhiteElo "2239"]
[BlackElo "1960"]

1.d4 d5 2.c4 c6 3.e3 Nf6 4.Nc3 e6 5.Nf3 Nbd7 6.Bd3 dxc4 7.Bxc4 b5 8.Be2 Bb7
9.O-O Be7 10.a3 O-O 11.e4 a6 12.e5 Nd5 13.Nxd5 cxd5 14.Bd3 Rc8 15.Re1 Nb6
16.b3 Rc6 17.Bd2 f5 18.exf6 Bxf6 19.Ne5 Bxe5 20.Rxe5 Qf6 21.Qe2 Nd7 22.Bg5 Qf7
23.Re3 Rfc8 24.Rf3 Nf6 25.Re1 R8c7 26.Qe5 Ng4  1-0

[Event "12th Liberec Open"]
[Site "Liberec CZE"]
[Date "2011.10.27"]
[Round "6"]
[White "Kraus,On"]
[Black "Selig,R"]
[Result "1-0"]
[WhiteElo "1988"]
[BlackElo "2047"]

1.d4 d5 2.c4 c6 3.Nf3 Nf6 4.e3 e6 5.Nc3 Nbd7 6.Qc2 Bd6 7.b3 O-O 8.Be2 e5
9.cxd5 cxd5 10.dxe5 Nxe5 11.O-O Qe7 12.Nb5 Bb8 13.Ba3 Nxf3+ 14.gxf3 Qd8 15.Bxf8 Bh3
16.Rfd1 Qxf8 17.Bf1 Bd7 18.f4 g5 19.fxg5 Ng4 20.h3 Nxe3 21.fxe3 Qe8 22.Nd4 Qxe3+
23.Kh1 Be5 24.Qd3 Qf4 25.Rd2 Rc8 26.Rad1 Bd6 27.Qf3 Qh4 28.Rf2 Rc3 29.Qxf7+ Kh8
30.Qf6+ Kg8 31.Qd8+  1-0

[Event "12th Liberec Open"]
[Site "Liberec CZE"]
[Date "2011.10.28"]
[Round "8"]
[White "Bartos,J"]
[Black "Johannsdottir,J"]
[Result "1-0"]
[WhiteElo "2239"]
[BlackElo "1803"]

1.d4 d5 2.c4 c6 3.e3 Nf6 4.Nc3 e6 5.Nf3 Nbd7 6.Bd3 dxc4 7.Bxc4 b5 8.Be2 a6
9.e4 b4 10.e5 bxc3 11.exf6 Nxf6 12.bxc3 Bd6 13.O-O O-O 14.Rb1 Qc7 15.c4 c5
16.d5 exd5 17.cxd5 Bf5 18.Bd3 Bg4 19.h3 Bh5 20.Bb2 Bxf3 21.Qxf3 Be5 22.Rfd1 Rfd8
23.d6 Bxd6 24.Bxf6 gxf6 25.Qf5 Be5 26.Qxh7+ Kf8 27.Bc4 Bd4 28.Re1 Be5 29.Re4 Rab8
30.Rxb8 Rxb8 31.Qh6+ Ke7 32.f4 Rb1+ 33.Kh2 Qc6 34.Rxe5+  1-0

[Event "Corsica Masters KO 2011"]
[Site "Bastia FRA"]
[Date "2011.10.29"]
[Round "2.2"]
[White "Battaglini,G"]
[Black "Cheparinov,I"]
[Result "1/2-1/2"]
[WhiteElo "2452"]
[BlackElo "2650"]

1.d4 d5 2.c4 e6 3.Nc3 c6 4.e3 Nf6 5.Nf3 Nbd7 6.Bd3 dxc4 7.Bxc4 b5 8.Bd3 Bd6
9.O-O O-O 10.a3 Bb7 11.b4 a5 12.Rb1 axb4 13.axb4 Nd5 14.Nxd5 exd5 15.e4 dxe4
16.Bxe4 Nf6 17.Bc2 Re8 18.Qd3 h6 19.Bb3 Nd5 20.Bc2 Nf6 21.Bd2 Bc8 22.Rfe1  1/2-1/2

[Event "Corsica Masters KO 2011"]
[Site "Bastia FRA"]
[Date "2011.10.29"]
[Round "3.2"]
[White "Sasikiran,K"]
[Black "Anand,V"]
[Result "1/2-1/2"]
[WhiteElo "2689"]
[BlackElo "2817"]

1.d4 d5 2.c4 c6 3.Nf3 Nf6 4.Nc3 e6 5.e3 Nbd7 6.Qc2 Bd6 7.Bd3 O-O 8.O-O dxc4
9.Bxc4 b5 10.Bd3 Bb7 11.e4 e5 12.h3 a6 13.dxe5 Nxe5 14.Nxe5 Bxe5 15.Be3 Re8
16.Rfd1 Qc7 17.a4 Rac8 18.Rac1 Qa5 19.f4 Bxc3 20.bxc3 Qxa4 21.Qxa4 bxa4 22.Rb1 Rc7
23.Bb6 Rcc8 24.Bc5 Ba8 25.Bxa6 Rcd8 26.Rxd8 Rxd8 27.Rb4 Nd7 28.Bf2 c5 29.Rxa4 Bc6
30.Ra2 Ra8 31.Bc4 Rxa2 32.Bxa2 Bxe4 33.Bb3 Kf8 34.Ba4 Ke7 35.Bxd7 Kxd7 36.Bxc5 h5
37.Kf2 f5 38.g3 Ke6 39.Bf8 g6 40.c4 Bc6 41.Ke3 Bg2 42.h4 Be4 43.Kd4 Bg2 44.Kc5 Bf1
45.Kb4 Kd7 46.Kc5 Ke6 47.Kb4 Kd7 48.Kc5 Ke6  1/2-1/2

[Event "World Youth U16 Ol"]
[Site "Kocaeli TUR"]
[Date "2011.10.29"]
[Round "8.15"]
[White "Guney,Gamze Nur"]
[Black "Roy,Ali"]
[Result "1-0"]
[WhiteElo "1709"]
[BlackElo "1801"]

1.d4 d5 2.Nf3 Nf6 3.c4 c6 4.e3 e6 5.Nc3 Nbd7 6.Qc2 Bd6 7.Bd3 O-O 8.O-O dxc4
9.Bxc4 a6 10.Rd1 b5 11.Be2 Qc7 12.e4 e5 13.g3 Bb7 14.dxe5 Nxe5 15.Bg5 Nfg4
16.Nd4 h6 17.Bf4 Nf6 18.Nf5 Rad8 19.Rxd6 Rxd6 20.Bxe5 Rd2 21.Qxd2 Qxe5 22.Qf4 Qxf4
23.gxf4 b4 24.Na4 Nxe4 25.Bf3 Nf6 26.Nc5 Bc8 27.Ne7+ Kh7 28.Nxc8 Rxc8 29.Nxa6 c5
30.Rc1 Rd8 31.Rxc5 Rd4 32.Rb5 Rxf4 33.Kg2 Rd4 34.Rxb4 Rd6 35.Nc5 Rd8 36.Ne4 Nd5
37.Rb7 Kg6 38.a4 f5 39.Nc3 Nf4+ 40.Kg3 Nd3 41.Nd5 Nc5 42.Rb6+ Kh7 43.a5 g5
44.h3 Nd3 45.Nf6+ Kg7 46.Nh5+ Kh7 47.Be2 f4+ 48.Kg2 Ne5 49.Rb7+ Kh8 50.Nf6 f3+
51.Bxf3 Nxf3 52.Rh7+  1-0

[Event "MCC Melbourne Cup Weekender"]
[Site "Melbourne AUS"]
[Date "2011.10.29"]
[Round "3.1"]
[White "Xie,G"]
[Black "Cheng,Bo"]
[Result "1/2-1/2"]
[WhiteElo "2440"]
[BlackElo "2346"]

1.Nf3 d5 2.e3 Nf6 3.c4 c6 4.Nc3 e6 5.d4 Nbd7 6.Qc2 b6 7.Be2 Bb7 8.O-O Be7
9.Rd1 O-O 10.e4 dxe4 11.Nxe4 Nxe4 12.Qxe4 Qc7 13.Bd3 Nf6 14.Qh4 c5 15.Bf4 Qc8
16.Ne5 cxd4 17.Bxh7+ Nxh7 18.Qxe7 f6 19.Rxd4 fxe5 20.Rd7 Qxd7 21.Qxd7 Rf7
22.Qxe6 exf4 23.f3 Nf8 24.Qd6 Re8 25.Qd2 Re3 26.Rd1 Rfe7 27.h4 Ng6 28.Qd6 R3e6
29.Qb8+ Kh7 30.h5 Ne5 31.Rd8 Nf7 32.Rd4 Bxf3 33.Qxf4 Bxh5 34.Qh4 g6 35.g4 Re4
36.Qf6 Re1+ 37.Kg2 R7e2+ 38.Kh3 Re3+ 39.Kg2 R3e2+ 40.Kh3 Re3+ 41.Kg2  1/2-1/2

[Event "TCh-NED Meesterklasse 2011-12"]
[Site "Netherlands NED"]
[Date "2011.10.29"]
[Round "2.5"]
[White "Hoeksema,E"]
[Black "Nabuurs,M"]
[Result "1-0"]
[WhiteElo "2328"]
[BlackElo "2189"]

1.Nf3 d5 2.c4 c6 3.e3 Nf6 4.Nc3 e6 5.d4 Nbd7 6.Bd3 dxc4 7.Bxc4 b5 8.Bd3 Be7
9.O-O Qc7 10.e4 b4 11.Na4 e5 12.Re1 O-O 13.Bg5 Rd8 14.Qc2 Bb7 15.Rad1 h6
16.Bh4 Rac8 17.Bg3 Bd6 18.Bc4 Qa5 19.Qb3 Rf8 20.Nh4 Kh7 21.Bxf7 g5 22.Nf5 Bb8
23.Be6 c5 24.dxc5 Nxc5 25.Nxc5 Rxc5 26.f3 Bc6 27.Qe3 Rc2 28.Rd2 Rxd2 29.Qxd2 Rd8
30.Qc1 Bb5 31.Bb3 Qc7 32.Bf2 Qxc1 33.Rxc1 g4 34.Rd1 Rxd1+ 35.Bxd1 gxf3 36.gxf3 Bd3
37.Bc5 a5 38.Bb6 Bb1 39.Bxa5 Bxa2 40.Bxb4 Kg6 41.Bd2 h5 42.Kg2 Bb1 43.Bb3 Bd3
44.Ne7+ Kh7 45.Bc3 Bd6 46.Nd5 Nd7 47.Ba4 Nc5 48.Bc6 Nb3 49.h4 Kh6 50.Be8 Be2
51.Ne3 Bb8 52.Nf5+ Kh7 53.Bxh5 Nc5 54.Kf2 Bd1 55.Ke1 Bb3 56.Kd2 Bc4 57.Ne3 Bb5
58.Bf7 Na4 59.Ng4 Nxc3 60.bxc3 Kg7 61.Be6 Kg6 62.Ne3 Bc7 63.c4 Ba5+ 64.Kd3 Ba4
65.c5 Kh5 66.Nf5 Kg6 67.Bd5 Bd1 68.Ke3 Bc7 69.Kf2 Ba5 70.c6 Bb6+ 71.Kg3 Ba5
72.Kg4 Bc7 73.h5+ Kh7 74.Bf7 Ba4 75.Be8 Bd1 76.Ne7  1-0

[Event "19th Skopje Open"]
[Site "Skopje MKD"]
[Date "2011.10.29"]
[Round "6"]
[White "Georgiev,Vl"]
[Black "Miron,L"]
[Result "1-0"]
[WhiteElo "2574"]
[BlackElo "2514"]

1.d4 d5 2.c4 e6 3.Nf3 Nf6 4.Nc3 c6 5.e3 Nbd7 6.Qc2 Bd6 7.Bd3 O-O 8.O-O dxc4
9.Bxc4 b5 10.Be2 Bb7 11.Rd1 Qc7 12.h3 Rfe8 13.e4 e5 14.Bg5 exd4 15.Rxd4 Bc5
16.Rdd1 Qb6 17.e5 Bxf2+ 18.Kh1 Nd5 19.Bd3 h6 20.Rf1 Bg3 21.e6 fxe6 22.Bg6 Rf8
23.Qe4 N7f6 24.Qxe6+ Kh8 25.Bxf6 Rxf6 26.Qg4 Bf4 27.Nxd5 cxd5 28.Bf5 Raf8
29.Nh4 Bg5 30.Ng6+ Kg8 31.Nxf8 Kxf8 32.Bc8 Qc6 33.Bxb7 Qxb7 34.Rxf6+ Bxf6
35.Rc1 Ke7 36.Qb4+ Kf7 37.Qd6 Kg8 38.Rc7  1-0

[Event "TCh-HUN 2011-12"]
[Site "Budapest HUN"]
[Date "2011.10.30"]
[Round "2"]
[White "Bacso,G"]
[Black "Varga,Me"]
[Result "0-1"]
[WhiteElo "2102"]
[BlackElo "2139"]

1.d4 d5 2.c4 c6 3.e3 Nf6 4.Nf3 e6 5.Nc3 Nbd7 6.Qc2 Bd6 7.Bd3 O-O 8.O-O dxc4
9.Bxc4 b5 10.Bd3 Bb7 11.a3 a6 12.Rd1 Qc7 13.e4 e5 14.h3 exd4 15.Nxd4 g6 16.Bh6 Rfe8
17.Qd2 c5 18.Nf5 Be5 19.Rac1 c4 20.Bb1 Nc5 21.f4 Nfxe4 22.Bxe4 Nxe4 23.Nxe4 Bxe4
24.Ng3 Bf6 25.Re1 Bc6 26.Qb4 Qb6+ 27.Kh2 Qf2 28.Rg1 Re3 29.Nh1 Rxh3+ 30.Kxh3 Qh4+  0-1

[Event "50th TCh-DEN XtraCon 2011-12"]
[Site "Denmark DEN"]
[Date "2011.10.30"]
[Round "2.3"]
[White "Pedersen,NicV"]
[Black "Kristensen,Kaa"]
[Result "1-0"]
[WhiteElo "2460"]
[BlackElo "2296"]

1.d4 d5 2.c4 c6 3.Nf3 Nf6 4.e3 e6 5.Nc3 Nbd7 6.Qc2 Bd6 7.g4 dxc4 8.g5 Nd5
9.Bxc4 e5 10.e4 Nxc3 11.bxc3 Qc7 12.Be3 exd4 13.cxd4 Bf4 14.Bb3 O-O 15.e5 Bxe3
16.fxe3 Nb6 17.g6 hxg6 18.Qxg6 Nd5 19.Qe4 Qe7 20.O-O Be6 21.h4 g6 22.Ng5 Kg7
23.Rf2 Rh8 24.Raf1 Raf8 25.Rf6 Bf5 26.R1xf5 gxf5 27.Qg2 Rfg8 28.Nxf7+ Kf8
29.Nxh8+ Nxf6 30.Bxg8 Qb4 31.Ng6+ Kxg8 32.exf6 Kh7 33.f7  1-0

[Event "TCh-HUN 2011-12"]
[Site "Nagykanizsa HUN"]
[Date "2011.10.30"]
[Round "2"]
[White "Portisch,L"]
[Black "Mihok,O"]
[Result "1/2-1/2"]
[WhiteElo "2523"]
[BlackElo "2445"]

1.d4 d5 2.c4 c6 3.Nc3 Nf6 4.e3 e6 5.Nf3 Nbd7 6.Qc2 Bd6 7.b3 O-O 8.Be2 b6
9.O-O Bb7 10.Bb2 Qe7 11.Rad1 Rad8 12.Rfe1 Rfe8 13.g3 h6 14.Bf1 c5 15.cxd5 Nxd5
16.Nxd5 Bxd5 17.e4 Bb7 18.d5 exd5 19.exd5 Qf8 20.Rxe8 Rxe8 21.Nh4 Be5 22.Bb5 Rd8
23.Bxd7 Bxb2 24.Bc6 Bxc6 25.dxc6 Bf6 26.Nf5 g6 27.Rxd8 Qxd8 28.Nxh6+ Kg7
29.Ng4 Bd4 30.Qe2 f5 31.Ne3 Qd6 32.Nc2 Qxc6 33.Nxd4 cxd4 34.Qe7+ Kg8 35.Qd8+ Kh7
36.Qxd4 Qc1+ 37.Kg2 Qc6+ 38.f3 Qc2+ 39.Qf2 Qd3 40.h4 Qd1 41.Qb2 Qd3 42.b4 Qd1  1/2-1/2

[Event "TCh-HUN 2011-12"]
[Site "Paks HUN"]
[Date "2011.10.30"]
[Round "2"]
[White "Balazs,G2"]
[Black "Taskovits,I"]
[Result "1-0"]
[WhiteElo "2435"]
[BlackElo "2303"]

1.d4 d5 2.c4 c6 3.Nc3 Nf6 4.e3 e6 5.Nf3 Nbd7 6.Qc2 Bd6 7.b3 O-O 8.Be2 b6
9.Bb2 Bb7 10.O-O Qe7 11.Rad1 Rad8 12.Rfe1 Rfe8 13.Bf1 e5 14.dxe5 Nxe5 15.Nxe5 Qxe5
16.g3 dxc4 17.Nd5 cxb3 18.axb3 Qe6 19.Nxf6+ gxf6 20.Bc4 Qe7 21.Rd4 Bc8 22.Rh4 f5
23.Rh5 Bb4 24.Re2 Rd6 25.Bd3 c5 26.e4 f4 27.e5 Rg6 28.e6 Bxe6 29.Bxg6 fxg6
30.Rhe5 Qd7 31.gxf4 Bf7 32.Rxe8+ Bxe8 33.f3 Bf7 34.Qe4 c4 35.Qa8+ Bf8 36.Ba3 Qd1+
37.Kf2 Qd4+ 38.Kg2 Qg7 39.bxc4 Bxc4 40.Bxf8 Qf7  1-0

[Event "World Youth U16 Ol"]
[Site "Kocaeli TUR"]
[Date "2011.10.31"]
[Round "10.15"]
[White "Abdulla,Abdulwahab"]
[Black "Grandadam,P"]
[Result "0-1"]
[WhiteElo "1763"]
[BlackElo "2160"]

1.d4 d5 2.c4 c6 3.Nf3 Nf6 4.e3 e6 5.Nc3 Nbd7 6.Qc2 b6 7.Bd3 Bb7 8.O-O Be7
9.Rd1 O-O 10.e4 dxe4 11.Nxe4 Nxe4 12.Bxe4 Nf6 13.Bd3 Qc7 14.h3 c5 15.Ng5 h6
16.Nh7 Rfd8 17.Nxf6+ Bxf6 18.dxc5 Qc6 19.Bf1 Rxd1 20.Qxd1 Rd8 21.Qc2 bxc5
22.Be3 Bd4 23.Rd1 e5 24.b3 Rd6 25.Bxd4 cxd4 26.f3 g6 27.b4 a5 28.a3 Rd8 29.Bd3 f5
30.c5 e4 31.fxe4 fxe4 32.Bc4+ Kh8 33.Qb2 Qf6 34.b5 Bc8 35.c6 h5 36.Rf1 Qd6
37.Qd2 e3 38.Qxa5 d3 39.Qc3+ Kh7 40.Rf7+ Kh6 41.Rf3 Qc5 42.Kh1 d2 43.Rf1 d1=Q
44.Rxd1 Rxd1+  0-1

[Event "15th OIBM"]
[Site "Bad Wiessee GER"]
[Date "2011.11.01"]
[Round "4.10"]
[White "Swiercz,D"]
[Black "Kostic,VG"]
[Result "1-0"]
[WhiteElo "2585"]
[BlackElo "2433"]

1.d4 d5 2.Nf3 Nf6 3.c4 c6 4.Nc3 e6 5.e3 Nbd7 6.Qc2 Bb4 7.Be2 O-O 8.O-O Re8
9.Rd1 h6 10.a3 Ba5 11.b4 Bc7 12.Bb2 Nb6 13.c5 Nbd7 14.e4 dxe4 15.Nxe4 Nxe4
16.Qxe4 Nf6 17.Qc2 Nd5 18.Qb3 Nf4 19.Bf1 Qd5 20.Qe3 Qh5 21.Ne5 Nd5 22.Qe4 Qf5
23.Qe1 Nf4 24.a4 Rd8 25.Ra3 g5 26.g3 Bxe5 27.dxe5 Rd5 28.Rxd5 Nxd5 29.Bd3 Qg4
30.Be4 b6 31.f3 Qh3 32.Bxd5 cxd5 33.c6 Qf5 34.Qd1 Qg6 35.Qd3 Qxd3 36.Rxd3 b5
37.a5 Ba6 38.Bd4 Kg7 39.Rc3 Kg6 40.g4 h5 41.h3 hxg4 42.hxg4 Bc8 43.Kf2 Kg7
44.Ke3 Kg6 45.Rc1 Ba6 46.Rc2 Bc8 47.a6 Kg7 48.Ra2 Kf8 49.Bc5+ Kg7 50.Bd6 f6
51.Kd4 Kf7 52.Kc5  1-0

[Event "15th OIBM"]
[Site "Bad Wiessee GER"]
[Date "2011.11.03"]
[Round "6.31"]
[White "Bluebaum,M"]
[Black "Kartsev,A2"]
[Result "1-0"]
[WhiteElo "2388"]
[BlackElo "2174"]

1.d4 d5 2.c4 c6 3.Nc3 Nf6 4.e3 e6 5.Nf3 Nbd7 6.Bd3 dxc4 7.Bxc4 b5 8.Bd3 Bb7
9.O-O b4 10.Ne4 Nxe4 11.Bxe4 Bd6 12.a3 bxa3 13.b3 Qe7 14.Nd2 Nb6 15.Bf3 Rd8
16.Ne4 Bb4 17.Qc2 Ba6 18.Rd1 O-O 19.Bd2 Bb5 20.Bxb4 Qxb4 21.Qc5 Qxb3 22.Rxa3 Qc4
23.Rxa7 Qxc5 24.Nxc5 Ra8 25.Rb7 Rfb8 26.Rxb8+ Rxb8 27.Rb1 Kf8 28.h4 Ke7 29.Ne4 Nd5
30.Ra1 Bd3 31.Ra7+ Kf8 32.Nc5 Rb1+ 33.Kh2 Bb5 34.Rb7 Ra1 35.Nd7+ Ke8 36.Ne5 f6
37.Nf7 Kf8 38.Nd8 Ne7  1-0

[Event "II Latin American Cup"]
[Site "Montevideo URU"]
[Date "2011.11.03"]
[Round "4.43"]
[White "Rioseco Pinochet,F"]
[Black "Colman,M"]
[Result "1-0"]
[WhiteElo "2192"]
[BlackElo "2007"]

1.d4 d5 2.c4 c6 3.Nf3 Nf6 4.Nc3 e6 5.e3 Nbd7 6.Qc2 dxc4 7.Bxc4 b5 8.Bd3 Bb7
9.e4 b4 10.Na4 Be7 11.O-O Rc8 12.Rd1 h6 13.Qe2 Qa5 14.b3 c5 15.d5 exd5 16.exd5 Bxd5
17.Bf5 Qc7 18.Bb2 O-O 19.Ne5 Rcd8 20.Nxd7 Rxd7 21.Bxd7 Qxd7 22.Rac1 Re8 23.Bxf6 gxf6
24.Qh5 Bf8 25.Rxd5 Qe6 26.h4 Bd6 27.g3 Bxg3 28.Rd3 Bf4 29.Rc4 Qe1+ 30.Kg2 Kh7
31.Qxf7+ Kh8 32.Qxf6+  1-0

[Event "1st Panama Open"]
[Site "Panama City PAN"]
[Date "2011.11.03"]
[Round "2.6"]
[White "Almeida Quintana,O"]
[Black "Sanchez Castillo,S"]
[Result "1-0"]
[WhiteElo "2538"]
[BlackElo "2237"]

1.d4 d5 2.c4 c6 3.Nf3 e6 4.e3 Nf6 5.Nc3 Nbd7 6.Qc2 Bd6 7.Bd3 O-O 8.O-O e5
9.cxd5 cxd5 10.e4 dxe4 11.Nxe4 Nxe4 12.Bxe4 g6 13.Bh6 Re8 14.Bd5 Nf8 15.dxe5 Rxe5
16.Nxe5 Bxe5 17.Qe4 Bd6 18.Rad1 Qe7 19.Bxf7+ Kxf7 20.Qd5+ Be6 21.Qxd6 Qxd6
22.Rxd6 Bxa2 23.Bxf8 Kxf8 24.Rd7 b5 25.Ra1 Re8 26.Rxa7 Bf7 27.Ra8 Ke7 28.Re1+  1-0

[Event "II Latin American Cup"]
[Site "Montevideo URU"]
[Date "2011.11.04"]
[Round "5.51"]
[White "Saralegui,M"]
[Black "Ruggiero,A"]
[Result "1-0"]
[WhiteElo "2169"]
[BlackElo "1967"]

1.d4 c6 2.c4 d5 3.Nc3 e6 4.e3 Nf6 5.Nf3 Nbd7 6.Qc2 Bd6 7.b3 O-O 8.Bb2 b6
9.cxd5 exd5 10.Be2 Bb7 11.O-O Rc8 12.Rac1 Qe7 13.Rfe1 Ne4 14.Nxe4 dxe4 15.Nd2 f5
16.g3 c5 17.Qc4+ Kh8 18.Qa4 cxd4 19.Bxd4 a6 20.b4 Bxb4 21.Qd1 Rxc1 22.Qxc1 Rc8
23.Qb2 Bxd2 24.Qxd2 b5 25.Rc1 Rxc1+ 26.Qxc1 Nf6 27.Bf1 g5 28.a4 Kg7 29.axb5 axb5
30.Bxb5 Bd5 31.Qb2 Kf7 32.Be2 Be6 33.Qb8 Qe8 34.Qe5 Qe7 35.Bb5 Qd8 36.Bc6 Bc4  1-0